000 00404nam a2200169Ia 4500
005 20240921143554.0
008 240921s9999||||xx |||||||||||||| ||und||
041 _aENGLISH
082 _A658.3 M4;1
100 _aEdwin B. Flippo
245 0 _aPersonnel Management
250 _a6th
260 _c1984
_bMcGraw Hill , Ne
650 _aManagement
_bManagement Studies
942 _cBB
999 _c247908
_d247908